000 01372nam a22003137a 4500
001 8858
003 FISKH
005 20251023123931.0
008 251023b cb ||||| |||| 00| 0 eng d
020 _a9780439885171
040 _aFISKH
_beng
_cFISKH
_dFISKH
050 _aPZ7.T45 C
082 _a741.5
100 _aMartin, Ann M.
245 _aThe baby-sitters club :
_bClaudia and men Janine /
_cBy Ann M. Martin : A graphic novel by Raina Telgemeier
250 _aFirst edition, November 2008
260 _aNew York :
_bScholastic ,
_c2008.
300 _a161 pages :
_bcolor illustrations ;
_c23 cm .
490 _aThe baby-sitters club
505 _aZ
520 _a"Claudia and her sister, Janine, may as well be from two different planets. Claudia, who pays more attention to her artwork and The Baby-sitters Club than her homework, feels like she can't compete with her perfect sister. Janine studies nonstop, gets straight As, and even takes college-level courses! But when something unexpected happens to the most beloved person in their family, will the sisters be able to put aside their differences?"--Publisher.
521 8 _a910
_bLexile
521 8 _aZ
_bRaz-Plus
650 _aFriendship
_vFiction
700 _aLevithan, David
_eEditor
700 _aKeenan, Sheila
_eEditor
942 _2ddc
_cBK
_n0
999 _c8858
_d8858